Personnages de la série Lost - Statistiques

Statistiques générales
  • Ce quiz a été pris 493 fois
  • Le résultat moyen est 14 sur 55
Statistiques - réponses
Indice Personnage % Correct
Arnaqueur James Ford (Sawyer)
81%
Homme mystique en fauteuil roulant John Locke
71%
Fugitive Kate Austen
63%
Vainqueur malchanceux du loto Hugo Reyes (Hurley)
62%
Médecin Jack Shephard
46%
Chef mystérieux des Autres Benjamin Linus
44%
Tortionnaire Sayid Jarrah
44%
Protecteur et ''dieu'' de l'île Jacob
42%
Prêtre africain et ancien trafiquant de drogue Monsieur Eko
41%
Résident d'un bunker, doté de capacités spéciales Desmond Hume
39%
Femme ayant survécu pendant 16 ans sur l'île Danielle Rousseau
38%
Ancien homme de main coréen Jin-Soo Kwon
38%
Femme de ce dernier Sun Kwon
37%
Femme blonde enceinte Claire Littleton
36%
Physicien qui s'intéresse beaucoup à l'île Daniel Faraday
35%
Labrador Vincent
33%
Fille adoptive du leader des Autres Alexandra Rousseau
32%
Musicien toxicomane Charlie Pace
32%
Policière et survivante de la queue de l'avion Ana-Lucia Cortez
29%
Homme d'affaires sans scrupules et ancien chef des Autres Charles Widmore
29%
Travailleur dans le bâtiment, sur l'île avec son fils Michael Dawson
28%
Chirurgien alcoolique et père de l'un des héros Christian Shephard
27%
Pilote d'hélicoptère Frank Lapidus
27%
Homme espagnol immortel Richard Alpert
27%
Entité mystérieuse et maléfique de l'île L'homme en noir / Le monstre
26%
Médecin spécialisée dans la fertilité Juliet Burke
24%
Jeune femme propriétaire d'un bateau qui sauvera certains des héros Penelope Widmore (Penny)
24%
Psychologue, survivante de la queue de l'avion Elizabeth Smith (Libby)
23%
Bébé né sur l'île, fils de l'une des héroïnes Aaron Littleton
22%
Jeune chef d'entreprise dans le mariage Boone Carlyle
22%
Demi-soeur de ce dernier, asthmatique Shannon Rutherford
21%
Fils de ce dernier Walt Lloyd
20%
Médium pouvant détecter la présence des morts Miles Straume
19%
Jeune couple d'arnaqueurs, lié à une histoire de diamants Nikki Fernandez et Paulo
18%
Père de l'un des héros et arnaqueur sans remords Anthony Cooper
16%
Anthropologue rousse Charlotte Lewis
16%
Membre des Autres, se fait passer pour l'un des survivants Ethan Rom
16%
Mari de cette dernière, survivant de la queue de l'avion Bernard Nadler
15%
Ancienne dirigeante des Autres, assez âgée au moment de l'histoire Eloise Hawking
15%
Mercenaire impitoyable qui débarque sur l'île avec une équipe Martin Keamy
15%
Femme atteinte d'un cancer Rose Nadler
15%
Scientifique, membre important du Projet Dharma Pierre Chang
11%
Professeur de sciences, dont le nom signifie ''médecin'' en allemand Leslie Arzt
10%
Membre des Autres, porteur d'une fausse barbe Tom Friendly
10%
Soviétique, membre des Autres, avec un oeil en moins Mikhaïl Bakunin
9%
Membre du cargo Kahana, parachutée sur l'île et tuée par un couteau dans le dos Naomi Dorrit
9%
Marshall ayant survécu au crash, mais mortellement blessé et achevé Edward Mars
7%
Membre du Projet Dharma, propriétaire d'une cabane en bois Horace Goodspeed
7%
Chasseuse de primes et garde du corps du ''dieu'' de l'île Ilana Verdansky
7%
Créateur de la station du Cygne, suicidé par balle dans cette même station Stuart Radzinsky
7%
Officier de communications du cargo, mort après un voyage de son esprit dans le temps George Minkowski
6%
Membre des Autres, infiltré parmi les survivants de la queue Goodwin Stanhope
6%
Hôtesse de l'air sur le vol 815, rejoint plus tard les Autres Cindy Chandler
5%
Pilote du vol Oceanic 815, tué par une entité mystérieuse après le crash Seth Norris
5%
Ancien militaire durant la Guerre du Golfe, tué sur l'île le jour du crash Kelvin Inman
4%
Aucun quiz correspondant
Distribution des résultats
% des personnes avec chaque résultat
Percentile par nombre de réponses
Votre historique - résultats
Vous n’avez pas pris ce quiz